| 000 | 00898cam a2200289Mc 4500 | ||
|---|---|---|---|
| 001 | ocn464795824 | ||
| 003 | OCoLC | ||
| 005 | 20230619134021.0 | ||
| 008 | 140322s1995 enk 000 0 eng d | ||
| 020 | _a027361245X | ||
| 020 | _a9780273612452 | ||
| 029 | 1 |
_aDKDLA _b820120-katalog:990001396110305765 |
|
| 035 | _a(OCoLC)464795824 | ||
| 040 |
_aDKDLA _bdan _cDKDLA _dOCLCQ |
||
| 082 | 0 | 4 |
_a658.152 _qOCoLC _221/eng/20230216 |
| 100 | 1 |
_aMoran, Kate _923334 |
|
| 245 | 1 | 0 | _aInvestment appraisal for non-financial managers |
| 260 |
_aLondon : _bPitman Publishing, _c1995 |
||
| 300 | _a221 s | ||
| 336 |
_atekst _btxt _2rdacontent/dan |
||
| 337 |
_aumedieret _bn _2rdamedia/dan |
||
| 650 | 4 |
_aInvesteringsteori _923335 |
|
| 650 | 0 |
_aInvesteringsteori _923335 |
|
| 710 | 2 |
_aInstitute of Management Foundation. IM _923336 |
|
| 942 |
_2lcc _cBK |
||
| 948 | _hNO HOLDINGS IN GHUCC - 2 OTHER HOLDINGS | ||
| 999 |
_c44902 _d44902 |
||